000 00205nam a2200097Ia 4500
008 230724s1999 xx und d
041 _aeng
100 _aPANDEY B. N.
245 _aNEHRU.
260 _c1999
999 _c1172853
_d1172853